<?xml version="1.0" encoding="UTF-8"?>
<record
    xmlns:xsi="http://www.w3.org/2001/XMLSchema-instance"
    xsi:schemaLocation="http://www.loc.gov/MARC21/slim http://www.loc.gov/standards/marcxml/schema/MARC21slim.xsd"
    xmlns="http://www.loc.gov/MARC21/slim">

  <leader>15956nas a22001577a 4500</leader>
  <controlfield tag="008">210325b        th ||||| |||| 00| 0 tha d</controlfield>
  <datafield tag="022" ind1=" " ind2=" ">
    <subfield code="a">0125068X</subfield>
  </datafield>
  <datafield tag="041" ind1="0" ind2=" ">
    <subfield code="a">tha</subfield>
  </datafield>
  <datafield tag="245" ind1="1" ind2="0">
    <subfield code="a">&#xE2A;&#xE01;&#xE38;&#xE25;&#xE44;&#xE17;&#xE22;</subfield>
  </datafield>
  <datafield tag="310" ind1=" " ind2=" ">
    <subfield code="a">&#xE23;&#xE32;&#xE22;&#xE2A;&#xE31;&#xE1B;&#xE14;&#xE32;&#xE2B;&#xE4C;</subfield>
  </datafield>
  <datafield tag="850" ind1=" " ind2=" ">
    <subfield code="a">NALT</subfield>
  </datafield>
  <datafield tag="942" ind1=" " ind2=" ">
    <subfield code="c">JNR</subfield>
  </datafield>
  <datafield tag="952" ind1=" " ind2=" ">
    <subfield code="0">0</subfield>
    <subfield code="1">0</subfield>
    <subfield code="4">0</subfield>
    <subfield code="7">0</subfield>
    <subfield code="8">CPER</subfield>
    <subfield code="a">NALT</subfield>
    <subfield code="b">NALT</subfield>
    <subfield code="d">2017-06-09</subfield>
    <subfield code="g">45.00</subfield>
    <subfield code="h">&#xE1B;&#xE35;&#xE17;&#xE35;&#xE48; 62  &#xE09;&#xE1A;&#xE31;&#xE1A;&#xE17;&#xE35;&#xE48; 3237</subfield>
    <subfield code="l">0</subfield>
    <subfield code="p">2900027453</subfield>
    <subfield code="r">2017-06-09</subfield>
    <subfield code="v">95.00</subfield>
    <subfield code="w">2017-06-09</subfield>
    <subfield code="y">JNR</subfield>
  </datafield>
  <datafield tag="952" ind1=" " ind2=" ">
    <subfield code="0">0</subfield>
    <subfield code="1">0</subfield>
    <subfield code="4">0</subfield>
    <subfield code="7">0</subfield>
    <subfield code="8">CPER</subfield>
    <subfield code="a">NALT</subfield>
    <subfield code="b">NALT</subfield>
    <subfield code="d">2017-06-09</subfield>
    <subfield code="g">45.00</subfield>
    <subfield code="h">&#xE1B;&#xE35;&#xE17;&#xE35;&#xE48; 62  &#xE09;&#xE1A;&#xE31;&#xE1A;&#xE17;&#xE35;&#xE48; 3211</subfield>
    <subfield code="l">0</subfield>
    <subfield code="p">2900026404</subfield>
    <subfield code="r">2017-06-09</subfield>
    <subfield code="v">95.00</subfield>
    <subfield code="w">2017-06-09</subfield>
    <subfield code="y">JNR</subfield>
  </datafield>
  <datafield tag="997" ind1=" " ind2=" ">
    <subfield code="c">47383</subfield>
  </datafield>
  <datafield tag="999" ind1=" " ind2=" ">
    <subfield code="c">87383</subfield>
    <subfield code="d">87383</subfield>
  </datafield>
</record>
